[Event "Xtracon Grandmaster "]
[Site "Koge"]
[Date "2013.10.15"]
[Round "2"]
[White "Jensen, Jens Amstrup"]
[Black "Gade, Jens"]
[Result "1-0"]
[WhiteElo "1646"]
[BlackElo "1619"]
[PlyCount "91"]
[EventDate "2013.10.14"]
[EventType "swiss"]
[EventRounds "9"]
[EventCountry "DEN"]
[Source "ChessBase"]
[SourceDate "2013.11.20"]

1. d4 d5 2. c4 dxc4 3. e4 e6 4. Nf3 Nf6 5. Bg5 Be7 6. Bxf6 Bxf6 7. e5 Be7 8.
Bxc4 O-O 9. O-O b6 10. Nc3 c6 11. Qe2 Bb7 12. Rac1 Re8 13. Rfd1 Nd7 14. Bd3 c5
15. dxc5 Bxc5 16. Bb5 Re7 17. Ne4 Bd5 18. Nc3 Bxf3 19. Qxf3 Rc8 20. Ne4 Rc7 21.
Nxc5 Rxc5 22. Rxc5 bxc5 23. Qb7 Qb6 24. Rxd7 Rxd7 25. Qxd7 g6 26. h4 a6 27.
Qe8+ Kg7 28. Bc4 Qxb2 29. Bxe6 fxe6 30. Qxe6 Qb1+ 31. Kh2 Qf5 32. Qe7+ Qf7 33.
Qxc5 Qf4+ 34. g3 Qf7 35. a3 Kh6 36. Qe3+ Kg7 37. f4 Qa2+ 38. Kh3 Qe6+ 39. g4 h5
40. Qf3 Kh6 41. Kg3 hxg4 42. Qxg4 Qb3+ 43. Qf3 Qe6 44. Qe3 Kh5 45. f5 gxf5 46.
Qg5# 1-0

[Event "Xtracon Grandmaster "]
[Site "Koge"]
[Date "2013.10.15"]
[Round "2"]
[White "Antonsen, Mikkel"]
[Black "Rosenkilde, Alexander"]
[Result "1-0"]
[WhiteElo "2449"]
[BlackElo "2238"]
[PlyCount "123"]
[EventDate "2013.10.14"]
[EventType "swiss"]
[EventRounds "9"]
[EventCountry "DEN"]
[Source "ChessBase"]
[SourceDate "2013.11.20"]

1. d4 Nf6 2. c4 e6 3. Nc3 Bb4 4. Qc2 O-O 5. Nf3 c5 6. dxc5 Na6 7. g3 Nxc5 8.
Bg2 b6 9. O-O Bb7 10. Nb5 Nce4 11. Ng5 d5 12. Nxe4 Nxe4 13. cxd5 exd5 14. Be3
a6 15. Qc7 Qb8 16. Qxb8 Raxb8 17. Nd4 Rfd8 18. Rfd1 Bc5 19. Nc2 Bc6 20. Bd4 Ba4
21. b3 Bb5 22. Kf1 a5 23. Ne3 Bb4 24. Bf3 Nd2+ 25. Kg2 Nxf3 26. Kxf3 f6 27.
Rac1 Rd7 28. g4 Kf7 29. a4 Ba6 30. Rc6 Bb7 31. Rxb6 Rc8 32. Kg3 Bd6+ 33. Kh3 h5
34. Nf5 hxg4+ 35. Kxg4 Bb8 36. Kf3 Kg6 37. Nxg7 Kxg7 38. Rxf6 Kh7 39. Rg1 Rcc7
40. Rgg6 Rf7 41. Rh6+ Kg7 42. Rxf7+ Kxf7 43. Rh8 Bc8 44. Be5 Rb7 45. Rh7+ Ke6
46. Rxb7 Bxb7 47. Bxb8 d4+ 48. Kf4 Bd5 49. Ba7 d3 50. exd3 Bxb3 51. Bb6 Bxa4
52. Bxa5 Be8 53. Kg5 Bb5 54. d4 Bd3 55. h4 Be4 56. f4 Bb1 57. h5 Bc2 58. Bc3
Be4 59. h6 Bh7 60. f5+ Ke7 61. Bb4+ Kf7 62. d5 1-0

[Event "Xtracon Grandmaster "]
[Site "Koge"]
[Date "2013.10.15"]
[Round "2"]
[White "Bekker Jensen, David"]
[Black "Malmqvist, Glenn"]
[Result "1/2-1/2"]
[WhiteElo "2321"]
[BlackElo "2102"]
[PlyCount "91"]
[EventDate "2013.10.14"]
[EventType "swiss"]
[EventRounds "9"]
[EventCountry "DEN"]
[Source "ChessBase"]
[SourceDate "2013.11.20"]

1. d4 Nf6 2. c4 g6 3. g3 Bg7 4. Bg2 c5 5. d5 d6 6. Nc3 O-O 7. Nf3 e5 8. O-O a6
9. a4 b6 10. Ne1 Nh5 11. e4 Ra7 12. Be3 Rb7 13. Nd3 f5 14. exf5 Bxf5 15. Ne4 h6
16. Qd2 g5 17. a5 bxa5 18. Rxa5 Rb3 19. Ndxc5 dxc5 20. Nxc5 Rxb2 21. Qxb2 Qxa5
22. Nb7 Qa4 23. c5 e4 24. Qd2 Nf6 25. c6 Nxc6 26. Nc5 Qb4 27. dxc6 Qxd2 28.
Bxd2 Rc8 29. Nxa6 Rxc6 30. Nb4 Rd6 31. Bc3 Nd7 32. Bxg7 Kxg7 33. Re1 Nc5 34.
Nc2 Nd3 35. Ne3 Bg6 36. Rd1 Rf6 37. Rd2 Rb6 38. Bf1 Rb1 39. Kg2 Ne1+ 40. Kh3 h5
41. g4 h4 42. Rd7+ Kf6 43. Rd6+ Kg7 44. Rd7+ Kf6 45. Rd6+ Kg7 46. Rd7+ 1/2-1/2

[Event "Xtracon Grandmaster "]
[Site "Koge"]
[Date "2013.10.15"]
[Round "2"]
[White "Bengtsson, Tage"]
[Black "Rendboe, John Filip"]
[Result "0-1"]
[WhiteElo "2099"]
[BlackElo "2214"]
[PlyCount "76"]
[EventDate "2013.10.14"]
[EventType "swiss"]
[EventRounds "9"]
[EventCountry "DEN"]
[Source "ChessBase"]
[SourceDate "2013.11.20"]

1. d4 d5 2. c4 e6 3. Nf3 Nf6 4. e3 Be7 5. Bd3 O-O 6. O-O b6 7. Nbd2 Bb7 8. b3
Nbd7 9. Bb2 Ne4 10. Rc1 f5 11. Qe2 a5 12. Ne1 Bd6 13. f4 a4 14. Ndf3 Qe7 15.
Nc2 Ndf6 16. Ne5 axb3 17. axb3 Ra2 18. Rb1 Rfa8 19. Qe1 c5 20. Qc1 Qe8 21. Ra1
Rxa1 22. Bxa1 Qh5 23. Nf3 g5 24. dxc5 Nxc5 25. Bxf6 Nxd3 26. Qd1 Nc5 27. b4 Ne4
28. Bb2 Qg6 29. Qd4 dxc4 30. Nce1 gxf4 31. exf4 Bd5 32. Ne5 Qg7 33. Qxb6 Rb8
34. Qe3 Rxb4 35. Bd4 Rb3 36. Qc1 c3 37. N1d3 Nd2 38. Rf2 Rb1 0-1

[Event "Xtracon Grandmaster "]
[Site "Koge"]
[Date "2013.10.15"]
[Round "2"]
[White "Brynell, Stellan"]
[Black "Nielsen, Peter Heine"]
[Result "0-1"]
[WhiteElo "2492"]
[BlackElo "2649"]
[PlyCount "62"]
[EventDate "2013.10.14"]
[EventType "swiss"]
[EventRounds "9"]
[EventCountry "DEN"]
[Source "ChessBase"]
[SourceDate "2013.11.20"]

1. d4 Nf6 2. c4 g6 3. Nc3 d5 4. cxd5 Nxd5 5. e4 Nxc3 6. bxc3 Bg7 7. Qa4+ Nd7 8.
Nf3 O-O 9. Be2 c5 10. O-O Nf6 11. d5 e6 12. Bg5 Bd7 13. Bb5 Bxb5 14. Qxb5 exd5
15. exd5 Qxd5 16. c4 Qf5 17. Bxf6 Bxf6 18. Rad1 b6 19. Rd5 Qc2 20. Qa6 Rfe8 21.
Rd7 Kg7 22. h3 Rad8 23. Rxa7 Qd3 24. Qa4 Re4 25. Rc1 Bb2 26. Rc2 Qd1+ 27. Kh2
Bf6 28. Ra6 Rd3 29. Rxb6 Rxf3 30. gxf3 Be5+ 31. Kg2 Re1 0-1

[Event "Xtracon Grandmaster "]
[Site "Koge"]
[Date "2013.10.15"]
[Round "2"]
[White "Christensen, Casper"]
[Black "Nielsen, Jens Holm"]
[Result "0-1"]
[WhiteElo "1977"]
[BlackElo "1844"]
[PlyCount "128"]
[EventDate "2013.10.14"]
[EventType "swiss"]
[EventRounds "9"]
[EventCountry "DEN"]
[Source "ChessBase"]
[SourceDate "2013.11.20"]

1. e4 Nc6 2. d4 d5 3. exd5 Qxd5 4. Nf3 Bg4 5. Nc3 Qh5 6. Be2 Nf6 7. h3 O-O-O 8.
Bf4 e6 9. Qd2 Bb4 10. O-O-O Bxf3 11. Bxf3 Qa5 12. Bxc6 bxc6 13. Qd3 Bxc3 14.
bxc3 Nd5 15. Bd2 Qxa2 16. Be3 Nb6 17. c4 Nxc4 18. Qc3 Rd5 19. Rde1 Qa3+ 20.
Qxa3 Nxa3 21. Kb2 Nc4+ 22. Kc3 Nxe3 23. fxe3 Rb5 24. Ra1 Kb7 25. Kd3 e5 26.
Rhe1 Rd8 27. c4 Rb6 28. c5 Rb5 29. Kc3 Rd5 30. Ra4 exd4+ 31. exd4 Rg5 32. g4 h5
33. Rf1 f6 34. Rf4 hxg4 35. hxg4 Rb1 36. Rb4+ Rxb4 37. Kxb4 g6 38. Kc4 f5 39.
gxf5 Rxf5 40. Rg4 g5 41. Rg2 Kc8 42. Kd3 a5 43. Ra2 g4 44. Rxa5 Rg5 45. Ke2 g3
46. Kf1 g2+ 47. Kg1 Kd7 48. Ra2 Rg4 49. Ra4 Rg3 50. Rb4 Ke6 51. Rb7 Rg7 52. Ra7
Kd5 53. Ra4 Rg4 54. Ra7 Rxd4 55. Kxg2 Kxc5 56. Rxc7 Rf4 57. Rc8 Kb5 58. Rb8+
Kc4 59. Ra8 Rf5 60. Ra1 c5 61. Rc1+ Kb3 62. Rb1+ Kc2 63. Rb8 c4 64. Rc8 c3 0-1

[Event "Xtracon Grandmaster "]
[Site "Koge"]
[Date "2013.10.15"]
[Round "2"]
[White "Danielsen, Henrik"]
[Black "Korley, Kassa"]
[Result "0-1"]
[WhiteElo "2501"]
[BlackElo "2329"]
[PlyCount "68"]
[EventDate "2013.10.14"]
[EventType "swiss"]
[EventRounds "9"]
[EventCountry "DEN"]
[Source "ChessBase"]
[SourceDate "2013.11.20"]

1. Nf3 Nf6 2. c4 g6 3. g3 Bg7 4. Bg2 O-O 5. d4 d6 6. O-O Nbd7 7. Nc3 e5 8. e4
exd4 9. Nxd4 Re8 10. h3 Nc5 11. Re1 a5 12. Nb3 Nfd7 13. Qc2 a4 14. Nxc5 Nxc5
15. Be3 Be6 16. Rad1 Qc8 17. Kh2 Bxc4 18. Bxc5 dxc5 19. Nxa4 b5 20. Nxc5 Rxa2
21. e5 Rxe5 22. Rxe5 Bxe5 23. Nd7 Rxb2 24. Qe4 Re2 25. Qf3 Bd6 26. Bf1 Re6 27.
Bxc4 bxc4 28. Nf6+ Kg7 29. Ng4 h5 30. Qc3+ f6 31. Ne3 h4 32. Ng4 hxg3+ 33. fxg3
Re2+ 34. Kg1 Qf5 0-1

[Event "Xtracon Grandmaster "]
[Site "Koge"]
[Date "2013.10.15"]
[Round "2"]
[White "Degerfeldt, Sven"]
[Black "Nielsen, Kai Gylling"]
[Result "1-0"]
[WhiteElo "1929"]
[BlackElo "1809"]
[PlyCount "63"]
[EventDate "2013.10.14"]
[EventType "swiss"]
[EventRounds "9"]
[EventCountry "DEN"]
[Source "ChessBase"]
[SourceDate "2013.11.20"]

1. d4 Nf6 2. c4 c5 3. d5 d6 4. Nc3 g6 5. e4 Bg7 6. Bd3 e5 7. Nge2 Na6 8. O-O h5
9. Bg5 Bh6 10. Bxh6 Rxh6 11. Qd2 Rh7 12. h3 Bd7 13. f4 Qe7 14. Rf2 Nb4 15. Bb1
O-O-O 16. a3 Na6 17. Bd3 Rf8 18. Raf1 Ne8 19. f5 gxf5 20. exf5 f6 21. Ne4 Rg8
22. g3 Rhg7 23. Kh2 Rh7 24. b4 cxb4 25. axb4 h4 26. g4 Qd8 27. c5 dxc5 28. bxc5
Nac7 29. N2c3 Kb8 30. Bc4 a6 31. d6 Na8 32. Bxg8 1-0

[Event "Xtracon Grandmaster "]
[Site "Koge"]
[Date "2013.10.15"]
[Round "2"]
[White "Fransson, Pia"]
[Black "Stuhr, Finn"]
[Result "1-0"]
[WhiteElo "1558"]
[BlackElo "1726"]
[PlyCount "65"]
[EventDate "2013.10.14"]
[EventType "swiss"]
[EventRounds "9"]
[EventCountry "DEN"]
[Source "ChessBase"]
[SourceDate "2013.11.20"]

1. d4 Nf6 2. c4 g6 3. Nc3 Bg7 4. e4 d6 5. Bd3 Nc6 6. Nf3 e6 7. O-O O-O 8. Re1
Nd7 9. Be3 Ne7 10. Qd2 c5 11. Rad1 cxd4 12. Nxd4 Ne5 13. Be2 a6 14. f4 N5c6 15.
Nxc6 Nxc6 16. Qxd6 Qa5 17. e5 Rd8 18. Qc5 Qc7 19. Bf3 Bf8 20. Qb6 Qxb6 21. Bxb6
Rd7 22. a3 a5 23. Na4 Be7 24. Nc3 Ra6 25. Bf2 f6 26. exf6 Bxf6 27. Rxd7 Bxd7
28. Rd1 Bc8 29. Rd2 Kf7 30. Ne4 Be7 31. Nd6+ Bxd6 32. Rxd6 Nb8 33. Rd8 1-0

[Event "Xtracon Grandmaster "]
[Site "Koge"]
[Date "2013.10.15"]
[Round "2"]
[White "Gleizerov, Evgeny"]
[Black "Fries Nielsen, Jens Ove"]
[Result "1/2-1/2"]
[WhiteElo "2545"]
[BlackElo "2386"]
[PlyCount "107"]
[EventDate "2013.10.14"]
[EventType "swiss"]
[EventRounds "9"]
[EventCountry "DEN"]
[Source "ChessBase"]
[SourceDate "2013.11.20"]

1. d4 Nf6 2. c4 d6 3. Nf3 Nc6 4. Nc3 h6 5. g3 e5 6. Bg2 Be7 7. O-O O-O 8. b3
Bg4 9. Bb2 a5 10. Nb5 Nd7 11. Ne1 Bf6 12. Nc2 exd4 13. Nbxd4 Re8 14. Re1 Qc8
15. Qd2 Nc5 16. Ne3 Bh3 17. Nd5 Bxd4 18. Bxd4 Bxg2 19. Kxg2 Ne4 20. Qb2 Nxd4
21. Qxd4 Ng5 22. h4 Qh3+ 23. Kg1 Ne4 24. Qd3 Re5 25. Nxc7 Rc8 26. Nd5 g5 27.
hxg5 hxg5 28. Qf3 Qh6 29. Kg2 Rce8 30. Rh1 Qg7 31. Rae1 R8e6 32. Rh2 f5 33.
Reh1 g4 34. Qf4 Nxf2 35. Rh8+ Qxh8 36. Rxh8+ Kxh8 37. Qd4 Ne4 38. Nf4 Rf6 39.
Qa7 Ng5 40. Qb8+ Kh7 41. Qxb7+ Rf7 42. Qc8 Nh3 43. Nxh3 gxh3+ 44. Kxh3 Rxe2 45.
Kh4 Kg6 46. g4 f4 47. g5 f3 48. Qg8+ Rg7 49. Qd5 Rge7 50. Qg8+ Rg7 51. Qd5 Rge7
52. Qg8+ Rg7 53. Qd5 Rge7 54. Qg8+ 1/2-1/2

[Event "Xtracon Grandmaster "]
[Site "Koge"]
[Date "2013.10.15"]
[Round "2"]
[White "Hagen, Andreas Skytte"]
[Black "Molvig, Henrik"]
[Result "1-0"]
[WhiteElo "2421"]
[BlackElo "2162"]
[PlyCount "97"]
[EventDate "2013.10.14"]
[EventType "swiss"]
[EventRounds "9"]
[EventCountry "DEN"]
[Source "ChessBase"]
[SourceDate "2013.11.20"]

1. e4 c5 2. Nf3 d6 3. d4 cxd4 4. Nxd4 Nf6 5. Nc3 a6 6. Be3 e5 7. Nb3 Be6 8. f3
Be7 9. Qd2 O-O 10. O-O-O Nbd7 11. g4 b5 12. g5 b4 13. gxf6 bxc3 14. Qxc3 Nxf6
15. Na5 d5 16. Nc6 d4 17. Nxd8 dxc3 18. Nc6 cxb2+ 19. Kxb2 Rfe8 20. c4 Nd7 21.
Nxe7+ Rxe7 22. Rd6 Nf6 23. c5 Ne8 24. Rb6 Nc7 25. Be2 h6 26. Rd1 Ree8 27. a4
Rec8 28. Kc3 Rab8 29. Kb4 Na8 30. a5 Nc7 31. c6 Na8 32. Rc1 Nc7 33. Rb7 Ra8 34.
Bb6 Ne8 35. Kc5 Kf8 36. Rd1 g6 37. Rd2 g5 38. Ra7 g4 39. Rxa8 Rxa8 40. c7 gxf3
41. Bxf3 Ke7 42. Kc6 Bc8 43. Bc5+ Kf6 44. Bh5 Be6 45. Rf2+ Kg7 46. Be7 Rc8 47.
Rg2+ Kh7 48. Bd8 Ng7 49. Be2 1-0

[Event "Xtracon Grandmaster "]
[Site "Koge"]
[Date "2013.10.15"]
[Round "2"]
[White "Hansen, Verner"]
[Black "Pawlak, Wojciech Zbignew"]
[Result "1-0"]
[WhiteElo "1903"]
[BlackElo "1681"]
[PlyCount "49"]
[EventDate "2013.10.14"]
[EventType "swiss"]
[EventRounds "9"]
[EventCountry "DEN"]
[Source "ChessBase"]
[SourceDate "2013.11.20"]

1. e4 c5 2. Nc3 d6 3. d3 Nc6 4. g3 g6 5. Bg2 Bg7 6. f4 e6 7. Nge2 Nge7 8. Be3
Rb8 9. e5 Nf5 10. Bf2 Qa5 11. exd6 Nxd6 12. O-O O-O 13. Ne4 Nxe4 14. Bxe4 Qc7
15. Bxc5 Rd8 16. c3 b6 17. Bf2 Ba6 18. d4 f5 19. Bg2 Ne7 20. Re1 Re8 21. Nc1
Kf7 22. Nd3 Rbd8 23. Ne5+ Bxe5 24. Rxe5 g5 25. Qh5+ 1-0

[Event "Xtracon Grandmaster "]
[Site "Koge"]
[Date "2013.10.15"]
[Round "2"]
[White "Hein, Jacob"]
[Black "Molvig, Julius"]
[Result "0-1"]
[WhiteElo "1459"]
[BlackElo "1893"]
[PlyCount "74"]
[EventDate "2013.10.14"]
[EventType "swiss"]
[EventRounds "9"]
[EventCountry "DEN"]
[Source "ChessBase"]
[SourceDate "2013.11.20"]

1. c4 Nf6 2. g3 g6 3. Bg2 Bg7 4. d4 O-O 5. Nc3 d6 6. Bg5 Nbd7 7. Qd2 e5 8. e3
h6 9. Bxf6 Bxf6 10. Ne4 Bg7 11. Nf3 f5 12. Nc3 e4 13. Nh4 g5 14. Nxf5 Rxf5 15.
Bxe4 Rf8 16. Bd5+ Kh8 17. h4 g4 18. e4 c6 19. Be6 Nb6 20. Bxc8 Rxc8 21. b3 Qf6
22. e5 dxe5 23. Ne4 Qf3 24. O-O Qxe4 25. dxe5 Qxe5 26. Rae1 Qd4 27. Qc2 Qf6 28.
Re4 Qf5 29. Qe2 Qf3 30. Qc2 Rce8 31. Rxe8 Rxe8 32. Rd1 Qe2 33. Qb1 Rf8 34. Rf1
Bd4 35. Kg2 Rxf2+ 36. Rxf2 Qxf2+ 37. Kh1 Qxg3 0-1

[Event "Xtracon Grandmaster "]
[Site "Koge"]
[Date "2013.10.15"]
[Round "2"]
[White "Hoi, Carsten"]
[Black "Lund, Silas"]
[Result "0-1"]
[WhiteElo "2393"]
[BlackElo "2416"]
[PlyCount "80"]
[EventDate "2013.10.14"]
[EventType "swiss"]
[EventRounds "9"]
[EventCountry "DEN"]
[Source "ChessBase"]
[SourceDate "2013.11.20"]

1. Nf3 d5 2. e3 g6 3. c4 Nf6 4. Nc3 Bg7 5. d4 O-O 6. Qb3 c6 7. Ne5 e6 8. f4 c5
9. dxc5 Nfd7 10. Nxd7 Nxd7 11. Na4 Nf6 12. cxd5 exd5 13. Bd3 d4 14. e4 Nxe4 15.
O-O Re8 16. Qc2 f5 17. b4 Bd7 18. Bb2 b5 19. c6 bxa4 20. cxd7 Qxd7 21. Bc4+ Kh8
22. Qd3 Rab8 23. a3 a5 24. b5 Nc5 25. Qd2 Nb3 26. Bxb3 axb3 27. a4 Rbc8 28.
Rac1 Qd5 29. Rxc8 Rxc8 30. Rc1 Rxc1+ 31. Qxc1 d3 32. Qc8+ Qg8 33. Bxg7+ Kxg7
34. Qc3+ Kh6 35. Qxd3 Qe6 36. Qh3+ Kg7 37. Qc3+ Kh6 38. Qh3+ Kg7 39. Qc3+ Kh6
40. Qh3+ Kg7 0-1

[Event "Xtracon Grandmaster "]
[Site "Koge"]
[Date "2013.10.15"]
[Round "2"]
[White "Jacobsen, Mikkel Manosri"]
[Black "Smidt Nielsen, Henrik"]
[Result "1-0"]
[WhiteElo "1928"]
[BlackElo "1953"]
[PlyCount "73"]
[EventDate "2013.10.14"]
[EventType "swiss"]
[EventRounds "9"]
[EventCountry "DEN"]
[Source "ChessBase"]
[SourceDate "2013.11.20"]

1. d4 Nf6 2. Bf4 d5 3. e3 g6 4. Nf3 Bg7 5. Be2 O-O 6. Nbd2 Nbd7 7. h3 c5 8. c3
cxd4 9. exd4 a6 10. O-O b5 11. a4 bxa4 12. Qxa4 Bb7 13. Qb4 Qb6 14. Qxb6 Nxb6
15. Ra5 Rfc8 16. Rfa1 Nc4 17. Nxc4 dxc4 18. Nd2 Nd5 19. Bf3 e6 20. Bd6 Bf8 21.
Bc5 Bxc5 22. dxc5 Rab8 23. Nxc4 Bc6 24. Bxd5 exd5 25. Nd6 Rc7 26. b4 Bb5 27.
Nxb5 axb5 28. Rd1 Re7 29. Rxd5 Kf8 30. Rd6 Ke8 31. Rb6 Rd8 32. Raxb5 Re1+ 33.
Kh2 Rc1 34. Rf6 Rxc3 35. Rb7 Rd4 36. c6 Rdc4 37. b5 1-0

[Event "Xtracon Grandmaster "]
[Site "Koge"]
[Date "2013.10.15"]
[Round "2"]
[White "Johansson, Alexander"]
[Black "Pedersen, Hans Dahl"]
[Result "0-1"]
[WhiteElo "2049"]
[BlackElo "2187"]
[PlyCount "114"]
[EventDate "2013.10.14"]
[EventType "swiss"]
[EventRounds "9"]
[EventCountry "DEN"]
[Source "ChessBase"]
[SourceDate "2013.11.20"]

1. d4 d5 2. Nc3 Nf6 3. Bg5 Nbd7 4. f3 c6 5. e4 h6 6. Bh4 Qa5 7. e5 Ng8 8. e6
fxe6 9. Qd3 e5 10. Qg6+ Kd8 11. Nge2 Ngf6 12. O-O-O exd4 13. Nxd4 Ne5 14. Qg3
Nf7 15. Bxf6 gxf6 16. Bc4 Qc7 17. Qh4 Nd6 18. Bd3 Rg8 19. g4 Rg5 20. Bf5 Nxf5
21. gxf5 Bxf5 22. Ne4 Qe5 23. Nxg5 fxg5 24. Rhe1 Qf6 25. Qf2 Bg7 26. Qe3 Bd7
27. c3 e5 28. Ne2 Kc7 29. Kb1 b6 30. Ka1 Rf8 31. Rf1 Bh3 32. Rf2 Bd7 33. Rh1
Rf7 34. a3 Bf8 35. b4 Bg7 36. Rd1 Be6 37. Qd3 Kb7 38. Rdf1 Bf5 39. Qd1 Rd7 40.
Ng3 Bg6 41. Qb3 Bf7 42. Rb2 h5 43. b5 c5 44. Qd1 Bg6 45. Ne4 Qe7 46. Rd2 d4 47.
c4 Bh6 48. Ra2 Qe6 49. Qa4 Kb8 50. Qb3 Rf7 51. Qd3 Rf4 52. a4 Qf7 53. Re2 g4
54. a5 Rxf3 55. Ref2 Rxf2 56. Rxf2 Qxf2 57. Qb1 Qe3 0-1

[Event "Xtracon Grandmaster "]
[Site "Koge"]
[Date "2013.10.15"]
[Round "2"]
[White "Jorgensen, Rasmus"]
[Black "Andersen, Morten"]
[Result "1/2-1/2"]
[WhiteElo "2062"]
[BlackElo "2153"]
[PlyCount "80"]
[EventDate "2013.10.14"]
[EventType "swiss"]
[EventRounds "9"]
[EventCountry "DEN"]
[Source "ChessBase"]
[SourceDate "2013.11.20"]

1. e4 c5 2. Nf3 d6 3. d4 cxd4 4. Nxd4 Nf6 5. Nc3 a6 6. Be3 e6 7. g4 e5 8. Nf5
d5 9. Qf3 dxe4 10. Qg3 Nc6 11. Bc4 g6 12. Rd1 Qc7 13. Qh4 Nxg4 14. Nd5 Qa5+ 15.
c3 Bxf5 16. Bb6 Bc5 17. Nf6+ Kf8 18. Nxg4 Qxb6 19. Qf6 Qc7 20. Qxh8+ Ke7 21.
Qf6+ Kf8 22. Nh6 Nd4 23. Rxd4 exd4 24. Nxf7 Ke8 25. Ne5 Qe7 26. Qh8+ Qf8 27.
Qxh7 Qe7 28. Bf7+ Kd8 29. Qh8+ Kc7 30. Qxa8 Bc8 31. Rg1 Qxe5 32. Rxg6 dxc3 33.
Rg8 Bxf2+ 34. Kxf2 Qf4+ 35. Kg1 Qe3+ 36. Kh1 Qf3+ 37. Kg1 Qe3+ 38. Kh1 Qe1+ 39.
Kg2 Qe2+ 40. Kg1 Qe3+ 1/2-1/2

[Event "Xtracon Grandmaster "]
[Site "Koge"]
[Date "2013.10.15"]
[Round "2"]
[White "Larsen, Preben R"]
[Black "Rendlev, Niels Moller"]
[Result "1-0"]
[WhiteElo "1821"]
[BlackElo "1818"]
[PlyCount "93"]
[EventDate "2013.10.14"]
[EventType "swiss"]
[EventRounds "9"]
[EventCountry "DEN"]
[Source "ChessBase"]
[SourceDate "2013.11.20"]

1. c4 f5 2. d4 Nf6 3. Nc3 d6 4. Nf3 g6 5. g3 Bg7 6. Bg2 O-O 7. O-O Nc6 8. Re1
e5 9. dxe5 dxe5 10. Qxd8 Rxd8 11. Bg5 e4 12. Nh4 Be6 13. f3 Nd4 14. Rac1 e3 15.
Bxe3 Bxc4 16. b3 Bf7 17. Bf2 c6 18. e4 fxe4 19. fxe4 Ng4 20. h3 Nxf2 21. Kxf2
Be6 22. g4 Rf8+ 23. Nf3 Rf7 24. Kg3 Nxf3 25. Bxf3 Be5+ 26. Kg2 Raf8 27. Rf1 h5
28. Ne2 h4 29. Ng1 Bd4 30. Ne2 Be5 31. Rcd1 c5 32. Ng1 Kg7 33. Be2 a6 34. Rxf7+
Rxf7 35. Nf3 Bg3 36. Bc4 Bxc4 37. bxc4 b5 38. Rd5 bxc4 39. Rxc5 Rc7 40. Rxc7+
Bxc7 41. Kf2 Kf6 42. g5+ Ke6 43. Nxh4 Bg3+ 44. Kxg3 a5 45. Nf3 Kd6 46. Ne1 Kc5
47. Kf3 1-0

[Event "Xtracon Grandmaster "]
[Site "Koge"]
[Date "2013.10.15"]
[Round "2"]
[White "Nielsen, Klaus"]
[Black "Andreasen, Jon S"]
[Result "0-1"]
[WhiteElo "2092"]
[BlackElo "2239"]
[PlyCount "98"]
[EventDate "2013.10.14"]
[EventType "swiss"]
[EventRounds "9"]
[EventCountry "DEN"]
[Source "ChessBase"]
[SourceDate "2013.11.20"]

1. d4 Nf6 2. Nf3 g6 3. Bg5 Ne4 4. Bh4 f5 5. e3 c5 6. Nbd2 Bg7 7. c3 cxd4 8.
Nxd4 Nxd2 9. Qxd2 O-O 10. Bc4+ Kh8 11. Bb3 a6 12. O-O-O Nc6 13. Bg5 Qe8 14. h4
Ne5 15. f3 Nf7 16. Ne2 d6 17. e4 fxe4 18. h5 Bf5 19. fxe4 Bxe4 20. Ng3 Nxg5 21.
Qxg5 Bf6 22. Qg4 Bf5 23. Nxf5 gxf5 24. Qxf5 Bxc3 25. Qd3 Be5 26. Kb1 Rf2 27.
Rd2 Rxd2 28. Qxd2 Qf8 29. Bc2 Qf7 30. Qd3 Rf8 31. a3 h6 32. Qe4 Qg7 33. b4 Ba1
34. Qh7+ Qxh7 35. Bxh7 Kxh7 36. Kxa1 Kg7 37. Rh3 Kf7 38. Rg3 Rg8 39. Rf3+ Ke6
40. Re3+ Kd7 41. g3 Rg5 42. Kb2 Rxh5 43. Kc3 Re5 44. Rf3 Rg5 45. a4 Kc6 46. Kd4
Rg4+ 47. Kc3 e5 48. Kb3 e4 49. Re3 Kd5 0-1

[Event "Xtracon Grandmaster "]
[Site "Koge"]
[Date "2013.10.15"]
[Round "2"]
[White "Nielsen, Lars Aaes"]
[Black "Sorensen, Dick"]
[Result "1-0"]
[WhiteElo "2268"]
[BlackElo "1974"]
[PlyCount "53"]
[EventDate "2013.10.14"]
[EventType "swiss"]
[EventRounds "9"]
[EventCountry "DEN"]
[Source "ChessBase"]
[SourceDate "2013.11.20"]

1. e4 c5 2. c3 d5 3. exd5 Qxd5 4. d4 e6 5. Nf3 cxd4 6. cxd4 Nf6 7. Bd3 Nc6 8.
O-O Be7 9. Nc3 Qd8 10. a3 O-O 11. Be3 Nd5 12. Qc2 g6 13. Bh6 Re8 14. Ne4 Bd7
15. Nc5 Rb8 16. Rac1 Bf6 17. Bb5 Re7 18. Nxd7 Rxd7 19. Ne5 Nxd4 20. Nxd7 Nxc2
21. Nxb8 Nd4 22. Nd7 Bg5 23. Bxg5 Qxg5 24. Bd3 Nf3+ 25. Kh1 Nf4 26. g3 Qh5 27.
Nf6+ 1-0

[Event "Xtracon Grandmaster "]
[Site "Koge"]
[Date "2013.10.15"]
[Round "2"]
[White "Nilssen, John Arni"]
[Black "Vovk, Oksana"]
[Result "1-0"]
[WhiteElo "2360"]
[BlackElo "2132"]
[PlyCount "109"]
[EventDate "2013.10.14"]
[EventType "swiss"]
[EventRounds "9"]
[EventCountry "DEN"]
[Source "ChessBase"]
[SourceDate "2013.11.20"]

1. d4 e6 2. c4 Nf6 3. Nc3 Bb4 4. Qc2 O-O 5. Nf3 b6 6. e4 d5 7. e5 Ne4 8. Bd3
Bb7 9. O-O Bxc3 10. bxc3 h6 11. a4 c5 12. a5 bxa5 13. Ba3 Nd7 14. cxd5 exd5 15.
c4 Nb6 16. dxc5 Nxc4 17. Bxc4 dxc4 18. c6 Bxc6 19. Bxf8 Kxf8 20. Qxc4 Rc8 21.
Rad1 Qe7 22. Rc1 Ng5 23. Qg4 Nxf3+ 24. Qxf3 Qe6 25. Qa3+ Kg8 26. Qd6 Qe8 27.
Rfe1 Bb7 28. Rc7 Rxc7 29. Qxc7 Qb5 30. Rd1 a4 31. h4 a3 32. h5 Qc6 33. Qxc6
Bxc6 34. Ra1 a6 35. Rxa3 Bb5 36. f3 Kf8 37. Kf2 Ke7 38. Ke3 Ke6 39. Ke4 Bc6+
40. Kd4 Bb5 41. g4 g6 42. hxg6 fxg6 43. Ra2 h5 44. gxh5 gxh5 45. Ke4 Bc6+ 46.
Kf4 Bb5 47. Rd2 a5 48. Rd6+ Ke7 49. Rd5 Bd7 50. Rxa5 h4 51. Ra6 Be6 52. Ra7+
Bd7 53. Rxd7+ Kxd7 54. Kg4 Ke6 55. f4 1-0

[Event "Xtracon Grandmaster "]
[Site "Koge"]
[Date "2013.10.15"]
[Round "2"]
[White "Norlander, Svante"]
[Black "Knudsen, Martin Mosgaard"]
[Result "1-0"]
[WhiteElo "1766"]
[BlackElo "1683"]
[PlyCount "76"]
[EventDate "2013.10.14"]
[EventType "swiss"]
[EventRounds "9"]
[EventCountry "DEN"]
[Source "ChessBase"]
[SourceDate "2013.11.20"]

1. e4 c5 2. Nf3 Nc6 3. d4 cxd4 4. Nxd4 e6 5. Nc3 a6 6. Be3 Bb4 7. Qg4 Bf8 8.
Be2 Ne5 9. Qg3 Ng6 10. h4 h5 11. a3 d5 12. Bg5 Be7 13. Bxe7 N8xe7 14. O-O-O b5
15. exd5 exd5 16. Bf3 Kf8 17. Qg5 Qd6 18. Nxd5 f6 19. Nxf6 gxf6 20. Qe3 Nd5 21.
Qe4 Nge7 22. Kb1 Rb8 23. Rhe1 b4 24. Nb3 Bf5 25. Rxd5 Nxd5 26. Qxf5 Ne7 27. Qe6
Rb6 28. Qxd6 Rxd6 29. axb4 Kg7 30. Rxe7+ Kf8 31. Ra7 Rh6 32. Nc5 f5 33. Ka2 Ke8
34. Nd3 Rb6 35. Rg7 Kf8 36. Rg5 Rbg6 37. Rxf5+ Ke7 38. Nc5 Rg4 1-0

[Event "Xtracon Grandmaster "]
[Site "Koge"]
[Date "2013.10.15"]
[Round "2"]
[White "Olsen, Michael Richard W"]
[Black "Eriksson, Kristian"]
[Result "1/2-1/2"]
[WhiteElo "1967"]
[BlackElo "2093"]
[PlyCount "35"]
[EventDate "2013.10.14"]
[EventType "swiss"]
[EventRounds "9"]
[EventCountry "DEN"]
[Source "ChessBase"]
[SourceDate "2013.11.20"]

1. e4 e5 2. Nf3 Nc6 3. Bc4 Nf6 4. Ng5 d5 5. exd5 Na5 6. Bb5+ c6 7. dxc6 bxc6 8.
Be2 h6 9. Nf3 e4 10. Ne5 Qc7 11. d4 exd3 12. Nxd3 Bd6 13. h3 O-O 14. Nd2 c5 15.
b3 Bb7 16. O-O Rad8 17. Bb2 Nd5 18. Bf3 1/2-1/2